Mauricio Ravel

Guardat en:
Dades bibliogràfiques
Autor principal: Onnen, Frank (autor)
Format: Llibre
Idioma:espanyol
Publicat: Barcelona Juventud 1951
Matèries:
Etiquetes: Afegir etiqueta
Sense etiquetes, Sigues el primer a etiquetar aquest registre!

MARC

LEADER 00000nam a2200000 a 4500
001 UCN2181
003 CL-VaPUC
008 010511e19510000SP |||||||||||||||||spa|d
082 0 4 |a 780.92  |b ONN  |2 21 
100 |a Onnen, Frank  |e autor  |9 457872 
245 1 0 |a Mauricio Ravel 
300 |a 89 p 
942 |c BK 
945 |d 20010511 00:00:00  |a crobeson 
260 |a Barcelona  |b Juventud  |c 1951 
600 0 7 |a RAVEL, MAURICE  |2 CL-VaPUC  |9 457873 
650 0 |a Compositores franceses  |9 328980 
650 0 |a Música, siglo 20  |9 324961 
583 |a last modification  |c 20010511 00:00:00  |k Rodrigo Vera 
999 |c 295339  |d 295337 
952 |0 0  |1 0  |4 0  |6 780_920000000000000_ONN_1951  |7 0  |8 A  |9 348321  |a BIBEDU  |b BIBEDU  |d 2019-11-20  |i 1181912  |o 780.92 ONN 1951  |p 1181912  |r 2023-01-12  |w 2019-11-20  |y BK  |k MUS